Optoelectronics /
Guardado en:
| Autor Principal: | |
|---|---|
| Formato: | Libro |
| Idioma: | English |
| Publicado: |
Reston, Va. :
Reston Pub. Co.,
c1981.
|
| Materias: | |
| Etiquetas: |
Agregar Etiqueta
Sin Etiquetas, Sea el primero en etiquetar este registro!
|
| LEADER | 00683cam a22002175a 4500 | ||
|---|---|---|---|
| 001 | EIQ.libpla003842 | ||
| 008 | 800903s1981####vauao####b####001#0#eng#d | ||
| 005 | 20080328192721.0 | ||
| 245 | 1 | 0 | |a Optoelectronics / |c Robert G. Seippel. |
| 260 | |a Reston, Va. : |b Reston Pub. Co., |c c1981. | ||
| 300 | |a xiv, 354 p. : |b il., fotos ; |c 25 cm. | ||
| 504 | |a Bibliografía: p. 347-348. | ||
| 500 | |a Incluye índice. | ||
| 020 | |a 083595255X | ||
| 100 | 1 | |a Seippel, Robert G. | |
| 082 | 0 | 0 | |a 621.36 |2 19 |
| 650 | 4 | |a Electrónica |x Optoelectrónica. | |
| 650 | 4 | |a Electronics |x Optoelectronics. | |
| 010 | |a 80022288 | ||
| 040 | |a DLC |c DLC |d AR-BbSID | ||
| 859 | |a AR-BbSID |b BIB. PLAPIQUI |h 621.36 |i Se 43 |p 2417 | ||
